logo

Bir Sreshtho Munshi Abdur Rouf Library
Jhenaidah Cadet College

Forcing God's hand : (Record no. 12372)

MARC details
000 -LEADER
fixed length control field 00968nam a2200301 a 4500
001 - CONTROL NUMBER
JCCL Control Number 12372
003 - CONTROL NUMBER IDENTIFIER
JCCL marc code BD-JhCC
005 - DATE AND TIME OF LATEST TRANSACTION
control field 20211115124738.0
008 - FIXED-LENGTH DATA ELEMENTS--GENERAL INFORMATION
fixed length control field 210605s2003 mdu b 001 0 eng
020 ## - INTERNATIONAL STANDARD BOOK NUMBER
International Standard Book Number 1590080157 (pbk.)
035 ## - SYSTEM CONTROL NUMBER
system control number (BD-JhCC)12372
040 ## - CATALOGING SOURCE
Original cataloging agency DLC
Transcribing agency DLC
Modifying agency DLC
-- BD-JhCC
041 ## - LANGUAGE CODE
Language code of Book eng
050 00 - LIBRARY OF CONGRESS CALL NUMBER
Classification number BT82.2
Item number .H34 2003
082 00 - DEWEY DECIMAL CLASSIFICATION NUMBER
Classification number 277.3/083
DDC Edition number 21
Author mark and Year HAL 2003
100 1# - MAIN ENTRY--PERSONAL NAME
Personal name Halsell, Grace.
245 10 - TITLE STATEMENT
Title Forcing God's hand :
Remainder of title why millions pray for a quick rapture--and destruction of planet earth /
Statement of responsibility, etc Grace Halsell.
250 ## - EDITION STATEMENT
Edition statement Rev. and enl. ed.
260 ## - PUBLICATION, DISTRIBUTION, ETC. (IMPRINT)
Place of publication, distribution, etc Beltsville, Md. :
Name of publisher, distributor, etc Amana Publications,
Date of publication, distribution, etc 2003.
300 ## - PHYSICAL DESCRIPTION
Pagination viii, 164 p. ;
Dimensions 23 cm.
504 ## - BIBLIOGRAPHY, ETC. NOTE
Bibliography, etc Includes bibliographical references (p. 157-159) and index.
650 #0 - SUBJECT ADDED ENTRY--TOPICAL TERM
Topical term or geographic name as entry element Fundamentalism.
650 #0 - SUBJECT ADDED ENTRY--TOPICAL TERM
Topical term or geographic name as entry element Christian Zionism.
650 #0 - SUBJECT ADDED ENTRY--TOPICAL TERM
Topical term or geographic name as entry element End of the world.
651 #0 - SUBJECT ADDED ENTRY--GEOGRAPHIC NAME
Geographic name United States
General subdivision Relations
Geographic subdivision Israel.
651 #0 - SUBJECT ADDED ENTRY--GEOGRAPHIC NAME
Geographic name Israel
General subdivision Relations
Geographic subdivision United States.
942 ## - ADDED ENTRY ELEMENTS (KOHA)
Source of classification or shelving scheme Dewey Decimal Classification
Koha item type Books
Holdings
Source of classification or shelving scheme Damaged status Not for loan Home library Current library Shelving location Date of accession Cost, normal purchase price Total Checkouts Full call number Barcode Date last seen Copy number Koha item type
Dewey Decimal Classification     JCC Rouf Library JCC Rouf Library General Stacks 06/05/2021 300.00   277.3/083 HAL 2003 16721 11/15/2021 C-1 Books

JCC Library | Contacts | JCC Home

Last Update on 23 September 2017
Copyright @ 2017-2020 JCC Rouf Library
Rouf Library, Jhenidah Cadet College (JCC), Bangladesh